| 000 | 01500naa a22003737a 4500 | ||
|---|---|---|---|
| 001 | BR9404537 | ||
| 003 | BR-BrBNA | ||
| 005 | 20240918181230.0 | ||
| 007 | ta | ||
| 008 | 230509b bl.||||| |||| 00| 0 por d | ||
| 040 |
_aBR-BrBNA _bpor _cBiblioteca Nacional de Agricultura |
||
| 041 | _a(Pt) | ||
| 072 |
_aF08 _b3290 _b2110 _b2120 |
||
| 090 | _aF08 BR9404537 | ||
| 100 | 1 | _aBoas, O.V. | |
| 100 | 1 | _aImbach, A.C. | |
| 100 | 1 | _aMazacimo, M.J. | |
| 100 | 1 | _aBennemann, A. | |
| 100 | 1 | _aBeer, J. | |
| 111 | 1 |
_a2. Encontro Brasileiro de Economia e Planejamento Florestal _cCuritiba, PR (Brazil) _d30 Sep - 4 Oct 1991 |
|
| 245 | 1 | _aDecomposicao do litter em mineralizacao do nitrogenio da materia organica do solo sob quatro sistemas agroflorestais em Turrialba, Costa Rica | |
| 260 | 3 |
_aColombo, PR (Brasil): _c1992. |
|
| 500 | _a2. Encontro Brasileiro de Economia e Planejamento Florestal. Anais. V. 1: Sistemas agroflorestais no Brasil: aspectos tecnicos e economicos Colombo, PR (Brasil): 1992. p. 337-356 (BR9404537-AM)F08 | ||
| 650 | _aEritrina | ||
| 650 | _aCacau | ||
| 650 | _aCafe | ||
| 650 | _aSolo | ||
| 650 | _aMateria Organica | ||
| 650 | _aConsorciacao de Cultura | ||
| 650 | _aCosta Rica | ||
| 773 | 0 |
_t2. Encontro Brasileiro de Economia e Planejamento Florestal. Anais. V. 1: Sistemas agroflorestais no Brasil: aspectos tecnicos e economicos _wF08 BR9404537 _gColombo, PR (Brasil), 1992. p. 337-356 |
|
| 909 |
_a202404 _bLucia _c55 _dLucia Elande |
||
| 942 |
_cAM _2AGRIS |
||
| 999 |
_c324250 _d324250 |
||